| 000 | 00396nam a22001457a 4500 | ||
|---|---|---|---|
| 005 | 20180813121749.0 | ||
| 020 |
_a8187100508 _c400.00 |
||
| 035 | _aB-41576, B-041583 | ||
| 037 |
_aDPL _bENG |
||
| 100 | _aRaja, Hareesh | ||
| 245 |
_aPrajna Yoga / _cby Hareesh Raja |
||
| 260 |
_aNew Delhi _bOcean Books Pvt. Ltd. _c2000 |
||
| 300 |
_a279p. _c28 cms. |
||
| 942 |
_2ddc _cEN _h000 _mRGU |
||
| 999 |
_c64268 _d64268 |
||